Bridge Engineering Handbook / (Record no. 13522)

MARC details
000 -LEADER
fixed length control field 01342cam a22002894a 4500
001 - CONTROL NUMBER
control field 1214181
005 - DATE AND TIME OF LATEST TRANSACTION
control field 20071031161520.0
008 - FIXED-LENGTH DATA ELEMENTS--GENERAL INFORMATION
fixed length control field 990513s2000 flua |db 001 0 eng
010 ## - LIBRARY OF CONGRESS CONTROL NUMBER
LC control number 99033175
020 ## - INTERNATIONAL STANDARD BOOK NUMBER
International Standard Book Number 0849374340 (alk. paper)
040 ## - CATALOGING SOURCE
Original cataloging agency DLC
Transcribing agency DLC
Modifying agency DLC
042 ## - AUTHENTICATION CODE
Authentication code pcc
050 00 - LIBRARY OF CONGRESS CALL NUMBER
Classification number TG145
Item number .B85 2000
082 00 - DEWEY DECIMAL CLASSIFICATION NUMBER
Classification number 624.2
Edition number 22
Item number BRI
245 00 - TITLE STATEMENT
Title Bridge Engineering Handbook /
Statement of responsibility, etc Edited by Wai-Fah Chen, Lian Duan.
260 ## - PUBLICATION, DISTRIBUTION, ETC. (IMPRINT)
Place of publication, distribution, etc Boca Raton, FL :
Name of publisher, distributor, etc CRC Press, 2000
Date of publication, distribution, etc c2000.
300 ## - PHYSICAL DESCRIPTION
Extent 1 v. (various pagings) :
Other physical details ill. ;
Dimensions 26 cm.
504 ## - BIBLIOGRAPHY, ETC. NOTE
Bibliography, etc Includes index
650 #0 - SUBJECT ADDED ENTRY--TOPICAL TERM
Topical term or geographic name as entry element Bridges
General subdivision Design and construction.
9 (RLIN) 11953
700 1# - ADDED ENTRY--PERSONAL NAME
Personal name Chen, Wai-Fah,
Dates associated with a name 1936-
9 (RLIN) 11954
700 1# - ADDED ENTRY--PERSONAL NAME
Personal name Duan, Lian.
9 (RLIN) 11955
856 42 - ELECTRONIC LOCATION AND ACCESS
Materials specified Publisher description
Uniform Resource Identifier <a href="http://www.loc.gov/catdir/enhancements/fy0744/99033175-d.html">http://www.loc.gov/catdir/enhancements/fy0744/99033175-d.html</a>
942 ## - ADDED ENTRY ELEMENTS (KOHA)
Source of classification or shelving scheme Dewey Decimal Classification
Item type Reference (NB)
Holdings
Withdrawn status Item status Source of classification or shelving scheme Damaged status Not for loan Vendor Home library Current library Shelving location Date acquired Source of acquisition Cost, normal purchase price Total Checkouts Full call number Barcode Date last seen Koha item type
    Dewey Decimal Classification     Baccah Central Library Central Library Ground Floor 28/02/2010   740.00   624.2 BRI 000019977 15/07/2025 Reference (NB)
    Dewey Decimal Classification     Baccah Central Library Central Library Ground Floor 28/02/2010   740.00   624.2 BRI 000019993 15/07/2025 Reference (NB)